LEADER 01090nam0-22003251i-450- 001 990007001790403321 005 20110314133139.0 010 $a88-8114-626-6 035 $a000700179 035 $aFED01000700179 035 $a(Aleph)000700179FED01 035 $a000700179 100 $a20011123d1998----km-y0itay50------ba 101 0 $amul 102 $aIT 105 $ac-------111yy 200 1 $aAtti dell'Accademia Romanistica Costantiniana$eXII Convegno internazionale sotto l'alto patrocinio del Presidente della Repubblica$ein onore di Manlio Sargenti 210 $aNapoli$cEdizioni Scientifiche Italiane$d1998 215 $a506 p.$critr.$d24 cm 225 1 $aUniversità degli studi di Perugia. Facoltà di giurisprudenza 676 $a340.54$v20$zit 702 1$aSargenti,$bManlio 710 02$aAccademia romanistica Costantiniana$0240708 801 0$aIT$bUNINA$gRICA$2UNIMARC 901 $aBK 912 $a990007001790403321 952 $aOnoranze S 100$b40132*$fFGBC 959 $aFGBC 996 $aAtti dell'Accademia romanistica costantiniana$9243398 997 $aUNINA LEADER 01600nas 2200469-a 450 001 9910890805703321 005 20260218110619.0 035 $a(CKB)1000000000320569 035 $a(CONSER)---94659175- 035 $a(DE-599)ZDB2159234-2 035 $a(DE-599)2159234-2 035 $a(EXLCZ)991000000000320569 100 $a19920610a19909999 --- a 101 0 $aeng 181 $ctxt$2rdacontent 182 $cc$2rdamedia 183 $acr$2rdacarrier 200 10$aWorking paper 210 $aIthaca, N.Y. $cCornell Food And Nutrition Policy Program$dc1990- 215 $a1 online resource 300 $aSeparately classified in LC before no. 23 (1991). 300 $aTitle from cover. 311 08$aPrint version: Working paper (Cornell Food and Nutrition Policy Program) 1936-5071 (DLC) 94659175 (OCoLC)25986425 517 1 $aWorking papers 606 $aNutrition policy 606 $aNutrition policy$zDeveloping countries 606 $aAgriculture$xEconomic aspects$zDeveloping countries 606 $aAgriculture$xEconomic aspects$2fast$3(OCoLC)fst00801415 606 $aNutrition policy$2fast$3(OCoLC)fst01042296 607 $aDeveloping countries$2fast 615 0$aNutrition policy. 615 0$aNutrition policy 615 0$aAgriculture$xEconomic aspects 615 7$aAgriculture$xEconomic aspects. 615 7$aNutrition policy. 676 $a363.8 712 02$aCornell Food and Nutrition Policy Program. 906 $aJOURNAL 912 $a9910890805703321 920 $aexl_impl conversion 996 $aWorking paper$91840036 997 $aUNINA